| 000 | 01167nam a22002535a 4500 | ||
|---|---|---|---|
| 001 | 18456980 | ||
| 005 | 20151011141936.0 | ||
| 008 | 150112t2015 flua fr 001 0 eng d | ||
| 020 | _a9781466552661 (pbk. : alk. paper) | ||
| 040 |
_aEG-ScBUE _beng _cEG-ScBUE |
||
| 050 | 0 | 0 |
_aTK7825 _b.F58 2015 |
| 082 | 0 | 4 |
_a621.381 _222 _bFIS |
| 100 | 1 |
_aFischer-Cripps, Anthony C. _938134 |
|
| 245 | 1 | 4 |
_aThe electronics companion : _bdevices and circuits for physicists and engineers / _cAnthony C. Fischer-Cripps. |
| 250 | _a2nd ed. | ||
| 260 |
_aBoca Raton : _bCRC Press / Taylor & Francis Group, _cc.2015 _f(Acid-Free Paper) |
||
| 300 |
_axv, 310 p. : _bill ; _c23 cm. |
||
| 500 | _aIndex : p. 304-310. | ||
| 505 | 0 | _aElectricity -- DC circuits -- AC circuits -- Diodes -- Bipolar junction transistor -- Common emitter amplifier -- Input/output impedance -- Field effect transistor -- High frequency -- Power amplifiers -- Transients -- Digital electronics -- Operational amplifiers -- Transformers -- Power suppliers -- Instrumentation -- Laboratory. | |
| 650 | 7 |
_aElectronics. _2BUEsh _96509 |
|
| 651 | _2BUEsh | ||
| 653 |
_bENGELC _cJune2015 _cOctober2015 |
||
| 942 | _2ddc | ||
| 999 |
_c19511 _d19483 |
||